[Event "Ruhrgebiet Regionalliga 0405"]
[Site "Ruhrgebiet"]
[Date "2005.03.20"]
[Round "8.6"]
[White "Tereick, Benjamin"]
[Black "Shidlovskij, Eduard"]
[Result "1-0"]
[WhiteElo "2102"]
[BlackElo "2007"]
[PlyCount "113"]
[EventDate "2004.09.19"]
[EventType "team"]
[EventRounds "9"]
[EventCountry "GER"]
[SourceTitle "EXT 2006"]
[Source "ChessBase"]
[SourceDate "2005.11.24"]
[SourceVersion "1"]
[SourceVersionDate "2005.11.24"]
[SourceQuality "1"]
[WhiteTeam "Muelheim Nord II"]
[BlackTeam "Kamen"]
[WhiteTeamCountry "GER"]
[BlackTeamCountry "GER"]

1. c4 e5 2. Nc3 Nf6 3. Nf3 Nc6 4. a3 b6 5. g3 Bb7 6. Bg2 Nd4 7. 0-0 Nxf3+ 8. exf3 Bc5 9. d4 Bxd4 10. Nb5 0-0 11. Nxd4 exd4 12. Qxd4 d5 13. b4 dxc4 14. Qxc4 Qc8 15. Bb2 Qf5 16. g4 Qd5 17. Qxc7 Rac8 18. Qg3 Rfd8 19. Rac1 Qd2 20. Qe5 Re8 21. Rxc8 Bxc8 22. Qd4 Qxd4 23. Bxd4 Nd5 24. Rd1 Nf4 25. Be3 Nxg2 26. Kxg2 Be6 27. Kg3 f6 28. a4 Rc8 29. a5 bxa5 30. bxa5 a6 31. Rd6 Bc4 32. Rd7 Bb5 33. Ra7 Rd8 34. f4 Rd7 35. Ra8+ Kf7 36. f5 g6 37. fxg6+ hxg6 38. h4 Kg7 39. Rb8 Rd1 40. Rb7+ Rd7 41. Rb6 Rd1 42. Kf4 Rd7 43. g5 fxg5+ 44. hxg5 Bd3 45. Ke5 Kf7 46. Rf6+ Kg7 47. Bd4 Rf7 48. Rb6 Rf5+ 49. Ke6+ Kg8 50. Bf6 Rb5 51. Rxa6 Bc4+ 52. Kd6 Rb8 53. Ra7 Bf7 54. a6 Re8 55. Re7 Rd8+ 56. Rd7 Ra8 57. a7 1-0

[Event "Ruhrgebiet Regionalliga 0405"]
[Site "Ruhrgebiet"]
[Date "2005.02.27"]
[Round "7.6"]
[White "Shidlovskij, Eduard"]
[Black "Wernitz, Albert Peter"]
[Result "1/2-1/2"]
[WhiteElo "2007"]
[BlackElo "2000"]
[PlyCount "96"]
[EventDate "2004.09.19"]
[EventType "team"]
[EventRounds "9"]
[EventCountry "GER"]
[SourceTitle "EXT 2006"]
[Source "ChessBase"]
[SourceDate "2005.11.24"]
[SourceVersion "1"]
[SourceVersionDate "2005.11.24"]
[SourceQuality "1"]
[WhiteTeam "Kamen"]
[BlackTeam "Erkenschwick"]
[WhiteTeamCountry "GER"]
[BlackTeamCountry "GER"]

1. d4 Nf6 2. c4 g6 3. g3 Bg7 4. Bg2 0-0 5. Nc3 d6 6. Nf3 c6 7. 0-0 Qc7 8. e4 e5 9. h3 Re8 10. Be3 Na6 11. dxe5 dxe5 12. Qe2 h6 13. Rfd1 Be6 14. a3 Rad8 15. b4 Nd7 16. Rac1 Qb8 17. Nd2 Nf8 18. b5 Nc7 19. bxc6 bxc6 20. Rb1 Qa8 21. Na4 Na6 22. f4 f6 23. Qf2 Rd7 24. f5 Bf7 25. Bf1 Red8 26. Rdc1 Nh7 27. Nc3 Bf8 28. c5 Qc8 29. Nc4 g5 30. Rd1 Rd4 31. Bxd4 exd4 32. Na4 Nxc5 33. Nxc5 Bxc5 34. Kh2 Nf8 35. e5 fxe5 36. Nxe5 Bd5 37. f6 Qc7 38. Ng4 h5 39. Nh6+ Kh7 40. Qc2+ Kxh6 41. Qxc5 h4 42. Rd3 Ne6 43. Qe7 Rd7 44. Qe8 Rf7 45. Qh8+ Rh7 46. Qe8 Rf7 47. Qh8+ Rh7 48. Qe8 Rf7 1/2-1/2

[Event "Ruhrgebiet Regionalliga 0405"]
[Site "Ruhrgebiet"]
[Date "2005.02.06"]
[Round "6.6"]
[White "Humburg, Juergen"]
[Black "Shidlovskij, Eduard"]
[Result "1-0"]
[WhiteElo "2029"]
[BlackElo "2007"]
[PlyCount "77"]
[EventDate "2004.09.19"]
[EventType "team"]
[EventRounds "9"]
[EventCountry "GER"]
[SourceTitle "EXT 2006"]
[Source "ChessBase"]
[SourceDate "2005.11.24"]
[SourceVersion "1"]
[SourceVersionDate "2005.11.24"]
[SourceQuality "1"]
[WhiteTeam "Oberhausen"]
[BlackTeam "Kamen"]
[WhiteTeamCountry "GER"]
[BlackTeamCountry "GER"]

1. e4 c5 2. Nf3 d6 3. c3 Nf6 4. Be2 Nc6 5. d4 cxd4 6. cxd4 e6 7. Nc3 d5 8. e5 Ne4 9. 0-0 Be7 10. Be3 Nxc3 11. bxc3 Bd7 12. Rb1 Na5 13. Bd3 Rc8 14. Ne1 a6 15. Qg4 g6 16. Bd2 b5 17. Nf3 Nc4 18. Bh6 Bf8 19. Qf4 Bxh6 20. Qxh6 Qe7 21. Qg7 Qf8 22. Qf6 Rg8 23. Rfd1 Qe7 24. Qf4 Nb6 25. Rb3 Na4 26. Rc1 Bc6 27. h3 Nb6 28. Qh6 Qf8 29. Qh4 Qg7 30. Nh2 h5 31. Nf3 Qh6 32. Ng5 Qg7 33. Qf4 Bd7 34. Re1 Na4 35. Qc1 Qh8 36. Re3 Rc7 37. Rf3 Bc6 38. Qa3 Rf8 39. Nxe6 1-0

[Event "Dortmund op-A"]
[Site "Dortmund"]
[Date "2004.07.28"]
[Round "6"]
[White "Shidlovskij, Eduard"]
[Black "Hegemann, Eike"]
[Result "0-1"]
[WhiteElo "1900"]
[BlackElo "2115"]
[PlyCount "68"]
[EventDate "2004.07.??"]
[EventType "swiss"]
[EventRounds "9"]
[EventCountry "GER"]
[SourceTitle "EXT 2006"]
[Source "ChessBase"]
[SourceDate "2005.11.24"]
[SourceVersion "1"]
[SourceVersionDate "2005.11.24"]
[SourceQuality "1"]

1. d4 Nf6 2. Nf3 e6 3. c4 d5 4. Nc3 Nbd7 5. Bg5 Bb4 6. e3 c5 7. cxd5 exd5 8. Bd3 Qa5 9. Qc2 c4 10. Bf5 0-0 11. 0-0 Re8 12. Rac1 g6 13. Bh3 Ne4 14. Bf4 Bxc3 15. bxc3 Nb6 16. Bxc8 Raxc8 17. Nd2 Rc6 18. f3 Nxd2 19. Qxd2 Nd7 20. Rfe1 Rce6 21. Rb1 b5 22. Qc2 f5 23. Re2 Nb6 24. Be5 Nd7 25. f4 Nf6 26. Qb2 Ne4 27. Rc2 Qa4 28. Rcc1 Rb6 29. a3 Kf7 30. Qb4 Qxb4 31. axb4 Ra6 32. Ra1 Ree6 33. Kf1 Nd2+ 34. Ke2 Nb3 0-1

[Event "Dortmund op-A"]
[Site "Dortmund"]
[Date "2004.07.27"]
[Round "5"]
[White "Hokamp, Sascha"]
[Black "Shidlovskij, Eduard"]
[Result "0-1"]
[WhiteElo "2112"]
[BlackElo "1900"]
[PlyCount "82"]
[EventDate "2004.07.??"]
[EventType "swiss"]
[EventRounds "9"]
[EventCountry "GER"]
[SourceTitle "EXT 2006"]
[Source "ChessBase"]
[SourceDate "2005.11.24"]
[SourceVersion "1"]
[SourceVersionDate "2005.11.24"]
[SourceQuality "1"]

1. d4 Nf6 2. Nf3 e6 3. e3 b6 4. Bd3 Bb7 5. 0-0 Be7 6. c4 0-0 7. Nbd2 d5 8. Qc2 Nbd7 9. Ne5 c5 10. f4 Rc8 11. b3 h6 12. h3 cxd4 13. exd4 dxc4 14. bxc4 Nxe5 15. dxe5 Nd5 16. Bh7+ Kh8 17. Nb3 Nb4 18. Qb1 Rxc4 19. Be3 Qd5 20. Rf2 Rd8 21. Nd2 Rc3 22. Be4 Qd7 23. Nf1 Bxe4 24. Qxe4 Qd5 25. Qf3 Qxf3 26. Rxf3 Nd5 27. Rc1 Rdc8 28. Rd1 Ra3 29. Rd2 Rcc3 30. Kf2 Nxe3 31. Nxe3 Bc5 32. Re2 Kg8 33. g4 g6 34. h4 Kf8 35. h5 gxh5 36. gxh5 b5 37. Rg3 a5 38. Re1 b4 39. Rd1 Rxe3 40. Rd8+ Ke7 41. Rgg8 Red3+ 0-1

[Event "Dortmund op-A"]
[Site "Dortmund"]
[Date "2004.07.24"]
[Round "2"]
[White "Karimi, Farhad"]
[Black "Shidlovskij, Eduard"]
[Result "1-0"]
[WhiteElo "2194"]
[BlackElo "1900"]
[PlyCount "155"]
[EventDate "2004.07.??"]
[EventType "swiss"]
[EventRounds "9"]
[EventCountry "GER"]
[SourceTitle "EXT 2006"]
[Source "ChessBase"]
[SourceDate "2005.11.24"]
[SourceVersion "1"]
[SourceVersionDate "2005.11.24"]
[SourceQuality "1"]

1. e4 c5 2. d4 cxd4 3. c3 d3 4. Bxd3 Nc6 5. Nf3 Nf6 6. 0-0 e6 7. Nbd2 d5 8. exd5 Nxd5 9. Ne4 Be7 10. Qe2 0-0 11. Rd1 Qc7 12. g3 a6 13. c4 Nf6 14. Nxf6+ Bxf6 15. Bg5 Bxg5 16. Nxg5 g6 17. Rac1 Nd4 18. Qe3 e5 19. c5 f6 20. Bc4+ Kg7 21. Ne4 Bg4 22. Rxd4 exd4 23. Qxd4 Qe5 24. Qxe5 fxe5 25. Bd5 Rab8 26. Nd6 Bf3 27. Be6 Rf6 28. Bc8 Bc6 29. Bh3 b6 30. b4 bxc5 31. bxc5 Rb2 32. Bg2 Bd7 33. Ne4 Re6 34. Ng5 Re8 35. Bd5 Rd2 36. Bb7 Rxa2 37. Ne4 Bf5 38. Nd6 Re7 39. c6 Be6 40. c7 Rd2 41. Ne4 Rd4 42. Nc5 Bh3 43. c8Q Bxc8 44. Bxc8 Kf6 45. Bxa6 h5 46. Kg2 h4 47. Kf3 hxg3 48. hxg3 Rb4 49. Ne4+ Kg7 50. Rc3 Rb8 51. Bd3 Rb6 52. Ke3 Kh6 53. Rc5 Kg7 54. Nc3 Re8 55. Nd5 Rb3 56. Ke4 Rb2 57. f3 Rg2 58. g4 Rg1 59. Ke3 Re6 60. Nc7 Re7 61. Rc6 g5 62. Ne6+ Kf6 63. Nd8+ Kg7 64. Rg6+ Kf8 65. Ne6+ Ke8 66. Nxg5 Re1+ 67. Kf2 Rd1 68. Bf5 Kd8 69. Rc6 Ra7 70. Ne6+ Kd7 71. Nd4+ Ke7 72. Re6+ Kf7 73. Bg6+ Kg8 74. Nf5 Ra2+ 75. Kg3 Rg1+ 76. Kh4 Ra8 77. Re7 Rb8 78. Nh6+ 1-0

[Event "NRW-ch U18"]
[Site "Wolfsburg"]
[Date "2004.04.16"]
[Round "6"]
[White "Himpenmacher, Andy"]
[Black "Shidlovskij, Eduard"]
[Result "0-1"]
[WhiteElo "1668"]
[BlackElo "1900"]
[PlyCount "96"]
[EventDate "2004.04.??"]
[EventType "swiss"]
[EventRounds "7"]
[EventCountry "GER"]
[SourceTitle "EXT 2005"]
[Source "ChessBase"]
[SourceDate "2004.11.15"]
[SourceVersion "1"]
[SourceVersionDate "2004.11.15"]
[SourceQuality "1"]

1. e4 c5 2. c3 Nf6 3. e5 Nd5 4. d4 cxd4 5. Nf3 e6 6. cxd4 Nc6 7. Nc3 Nxc3 8. bxc3 d5 9. exd6 Bxd6 10. Bd3 Ne7 11. 0-0 Ng6 12. Re1 0-0 13. Qc2 Qc7 14. h4 Re8 15. Ng5 b6 16. h5 Nf8 17. Nxh7 Bb7 18. h6 Rac8 19. hxg7 Nxh7 20. Bxh7+ Kxg7 21. Be4 Ba6 22. Re3 Rh8 23. g3 Rh5 24. Bg2 Rch8 25. Qe4 Bc4 26. Qc6 Qxc6 27. Bxc6 Bd5 28. Bxd5 exd5 29. Bb2 Ba3 30. Bxa3 Rh1+ 31. Kg2 Rxa1 32. Re2 Rc8 33. Rc2 Rd1 34. Bd6 Rd3 35. Re2 Rc6 36. Bb8 a6 37. Re5 Rdxc3 38. Rxd5 Ra3 39. Rf5 Rxa2 40. d5 Rc8 41. Be5+ Kf8 42. Bf6 Rd2 43. Re5 Rcc2 44. Rf5 Rc5 45. Rh5 Ke8 46. Rh8+ Kd7 47. d6 Rxd6 48. Bg7 Rc2 0-1

[Event "NRW-ch U18"]
[Site "Wolfsburg"]
[Date "2004.04.15"]
[Round "5"]
[White "Shidlovskij, Eduard"]
[Black "Junker, Timo"]
[Result "1-0"]
[WhiteElo "1900"]
[BlackElo "1693"]
[PlyCount "87"]
[EventDate "2004.04.??"]
[EventType "swiss"]
[EventRounds "7"]
[EventCountry "GER"]
[SourceTitle "EXT 2005"]
[Source "ChessBase"]
[SourceDate "2004.11.15"]
[SourceVersion "1"]
[SourceVersionDate "2004.11.15"]
[SourceQuality "1"]

1. d4 d6 2. c4 f5 3. Nc3 g6 4. g3 Bg7 5. Bg2 Nf6 6. Nf3 0-0 7. 0-0 Qe8 8. Re1 e5 9. dxe5 dxe5 10. e4 Nc6 11. Qb3 Be6 12. Ng5 Rd8 13. Qc2 Nb4 14. Qe2 Nd3 15. Rd1 Nxc1 16. Raxc1 Rxd1+ 17. Rxd1 c6 18. Nxe6 Qxe6 19. Bh3 Nd7 20. b4 Qf7 21. c5 Nb8 22. Rd6 Re8 23. a3 f4 24. Nd1 Na6 25. Nb2 Nc7 26. Qc4 Qxc4 27. Nxc4 fxg3 28. hxg3 Nb5 29. Rd7 Rb8 30. Be6+ Kh8 31. Bh3 b6 32. a4 Nc3 33. cxb6 axb6 34. a5 bxa5 35. bxa5 Bf8 36. Nxe5 Nxe4 37. Nxc6 Ra8 38. Bg2 Nc5 39. Ra7 Re8 40. Nd4 Nd3 41. a6 Bc5 42. Rd7 Re1+ 43. Bf1 Ne5 44. Rd8+ 1-0

[Event "NRW-ch U18"]
[Site "Wolfsburg"]
[Date "2004.04.14"]
[Round "4"]
[White "Dierkes, Tobias"]
[Black "Shidlovskij, Eduard"]
[Result "1-0"]
[WhiteElo "1926"]
[BlackElo "1900"]
[PlyCount "89"]
[EventDate "2004.04.??"]
[EventType "swiss"]
[EventRounds "7"]
[EventCountry "GER"]
[SourceTitle "EXT 2005"]
[Source "ChessBase"]
[SourceDate "2004.11.15"]
[SourceVersion "1"]
[SourceVersionDate "2004.11.15"]
[SourceQuality "1"]

1. d4 Nf6 2. c4 e6 3. Nc3 Bb4 4. Qc2 c5 5. Nf3 Nc6 6. dxc5 0-0 7. a3 Bxc5 8. Bg5 Be7 9. e4 Ng4 10. Bxe7 Qxe7 11. h3 Nge5 12. Nxe5 Nxe5 13. 0-0-0 a6 14. f4 Ng6 15. Qf2 Rd8 16. g3 b5 17. cxb5 axb5 18. Bxb5 Ba6 19. Bxa6 Rxa6 20. Qd4 Nf8 21. Qb4 Qe8 22. Rd6 Raa8 23. Rhd1 Rdb8 24. Rb6 Rc8 25. Kb1 Qd8 26. Rdd6 Qc7 27. Rb7 Qd8 28. Qb6 Qf6 29. Qb4 Qh6 30. h4 Qh5 31. Qb5 Qf3 32. Qd3 Qf2 33. a4 Qe1+ 34. Ka2 Rc5 35. Rb3 Rac8 36. Ra3 Ra8 37. Rb6 Qf2 38. Rb5 Rc6 39. a5 Qg1 40. Ra4 Rca6 41. e5 h6 42. Ne4 Qe1 43. b4 R6a7 44. Kb2 Ng6 45. Ra1 1-0

[Event "Ruhrgebiet-ch U18"]
[Site "Muelheim"]
[Date "2004.04.08"]
[Round "6"]
[White "Junker, Timo"]
[Black "Shidlovskij, Eduard"]
[Result "0-1"]
[WhiteElo "1693"]
[BlackElo "1900"]
[PlyCount "48"]
[EventDate "2004.04.??"]
[EventType "swiss"]
[EventRounds "7"]
[EventCountry "GER"]
[SourceTitle "EXT 2005"]
[Source "ChessBase"]
[SourceDate "2004.11.15"]
[SourceVersion "1"]
[SourceVersionDate "2004.11.15"]
[SourceQuality "1"]

1. e4 c5 2. Nf3 d6 3. d4 cxd4 4. Nxd4 Nf6 5. Nc3 a6 6. Bg5 e6 7. f4 b5 8. e5 dxe5 9. fxe5 Qc7 10. Bf4 Nfd7 11. Nf3 Bb7 12. Be2 Bc5 13. Qd2 0-0 14. 0-0-0 Bb4 15. Bd3 Bxc3 16. bxc3 Qa5 17. Kb2 Nc5 18. Qe1 g6 19. Bd2 Rc8 20. Ng5 Nbd7 21. Qh4 h5 22. Rhf1 Nxe5 23. Bxg6 fxg6 24. Nxe6 Nxe6 0-1

[Event "Ruhrgebiet-ch U18"]
[Site "Muelheim"]
[Date "2004.04.04"]
[Round "2"]
[White "Shidlovskij, Eduard"]
[Black "Butschek, Tanja"]
[Result "1-0"]
[WhiteElo "1900"]
[BlackElo "1790"]
[PlyCount "81"]
[EventDate "2004.04.??"]
[EventType "swiss"]
[EventRounds "7"]
[EventCountry "GER"]
[SourceTitle "EXT 2005"]
[Source "ChessBase"]
[SourceDate "2004.11.15"]
[SourceVersion "1"]
[SourceVersionDate "2004.11.15"]
[SourceQuality "1"]

1. d4 d5 2. Nf3 Nf6 3. c4 c6 4. cxd5 cxd5 5. Nc3 Nc6 6. Bf4 Qb6 7. e3 a6 8. Qd2 Bf5 9. a3 e6 10. Be2 Be7 11. 0-0 0-0 12. b4 Ne4 13. Nxe4 Bxe4 14. Ne1 Rac8 15. Nd3 Bg6 16. Nc5 Rfd8 17. Bd3 Bxd3 18. Qxd3 a5 19. Na4 Qa7 20. b5 Nb8 21. Rfc1 Nd7 22. Bc7 Re8 23. b6 Qa8 24. Qb5 Nb8 25. h3 Nc6 26. Rc3 Bd8 27. Bg3 Be7 28. Rac1 Bg5 29. R1c2 Be7 30. Bc7 Bd8 31. Bg3 Be7 32. Qb3 Qa6 33. Nc5 Qa8 34. Nd3 Rcd8 35. Bc7 Rd7 36. Rxc6 a4 37. Qb1 bxc6 38. b7 Qa6 39. b8Q Rxb8 40. Qxb8+ Bf8 41. Nc5 1-0

[Event "NRW-ch U18"]
[Site "Kranenburg"]
[Date "2003.04.22"]
[Round "2"]
[White "Shidlovskij, Eduard"]
[Black "Rezasade, Amir"]
[Result "1/2-1/2"]
[WhiteElo "1825"]
[BlackElo "2103"]
[PlyCount "63"]
[EventDate "2003.04.??"]
[EventType "tourn"]
[EventRounds "7"]
[EventCountry "GER"]
[SourceTitle "EXT 2005"]
[Source "ChessBase"]
[SourceDate "2004.11.15"]
[SourceVersion "1"]
[SourceVersionDate "2004.11.15"]
[SourceQuality "1"]

1. d4 g6 2. c4 Bg7 3. Nc3 d6 4. g3 Nf6 5. Bg2 0-0 6. Nf3 c6 7. 0-0 Qa5 8. e4 Bg4 9. h3 Bxf3 10. Bxf3 e5 11. d5 cxd5 12. Nxd5 Nxd5 13. Qxd5 Qxd5 14. cxd5 f5 15. Bg5 Rc8 16. Rac1 Na6 17. Be3 b6 18. a3 Nc5 19. Bxc5 bxc5 20. b4 Bh6 21. Rc4 cxb4 22. Rxc8+ Rxc8 23. axb4 fxe4 24. Bg4 Rc7 25. Re1 e3 26. fxe3 Rc3 27. Kf2 Rb3 28. Re2 Rxb4 29. Rc2 Rb3 30. Be6+ Kg7 31. Rc7+ Kf8 32. Rc8+ 1/2-1/2

[Event "Ruhrgebiet-ch U18"]
[Site "Muelheim"]
[Date "2003.04.15"]
[Round "6"]
[White "Blayvas, Jan"]
[Black "Shidlovskij, Eduard"]
[Result "1-0"]
[WhiteElo "2070"]
[BlackElo "1780"]
[PlyCount "37"]
[EventDate "2003.04.??"]
[EventType "tourn"]
[EventRounds "7"]
[EventCountry "GER"]
[SourceTitle "EXT 2005"]
[Source "ChessBase"]
[SourceDate "2004.11.15"]
[SourceVersion "1"]
[SourceVersionDate "2004.11.15"]
[SourceQuality "1"]

1. e4 c5 2. g3 g6 3. Bg2 Bg7 4. Ne2 e6 5. 0-0 Ne7 6. d4 cxd4 7. Nxd4 d5 8. exd5 Nxd5 9. c4 Nb6 10. Nb5 Nxc4 11. Qa4 Nxb2 12. Nd6+ Kf8 13. Qa3 Kg8 14. Nxc8 Nc4 15. Ne7+ Kf8 16. Nxg6+ Ke8 17. Qa4+ Qd7 18. Qxc4 Bxa1 19. Nxh8 1-0

[Event "Ruhrgebiet-ch U18"]
[Site "Muelheim"]
[Date "2003.04.12"]
[Round "1"]
[White "Schnelle, Meinhard"]
[Black "Shidlovskij, Eduard"]
[Result "0-1"]
[WhiteElo "1772"]
[BlackElo "1780"]
[PlyCount "54"]
[EventDate "2003.04.??"]
[EventType "tourn"]
[EventRounds "7"]
[EventCountry "GER"]
[SourceTitle "EXT 2005"]
[Source "ChessBase"]
[SourceDate "2004.11.15"]
[SourceVersion "1"]
[SourceVersionDate "2004.11.15"]
[SourceQuality "1"]

1. d4 Nf6 2. Nf3 e6 3. e3 b6 4. Bd3 Bb7 5. Nbd2 Be7 6. 0-0 0-0 7. e4 c5 8. c3 d5 9. Qe2 cxd4 10. Nxd4 dxe4 11. Nxe4 Qd5 12. Re1 Nbd7 13. Nf3 Nc5 14. Nxc5 Bxc5 15. b4 Be7 16. Bf4 Qh5 17. a3 Nd5 18. Be5 f6 19. Bg3 e5 20. Qe4 f5 21. Qxe5 Bf6 22. Qe6+ Kh8 23. Be5 Nxc3 24. Bxf6 Rxf6 25. Qe5 Bxf3 26. Qxc3 Rg6 27. g3 Qh3 0-1